Placez les pays sur une carte sans frontières #2 - Statistiques

Statistiques générales
  • Ce quiz a été pris 40 786 fois
  • Le résultat moyen est 13 sur 25
Réponses sur la Carte
Les réponses sont colorées sur une échelle allant du rouge au vert en fonction du pourcentage des utilisateurs qui les ont devinées à leur premier essai. Vous pouvez retrouver ces pourcentages ci-dessous.
 
Statistiques - réponses
Réponse % Correct
Canada
96%
Japon
94%
Australie
91%
Algérie
72%
France
71%
Finlande
63%
Grèce
62%
Arabie Saoudite
61%
Chine
60%
Indonésie
60%
Somalie
60%
Venezuela
60%
Thaïlande
58%
Argentine
57%
Danemark
54%
Bahamas
45%
Pakistan
41%
Comores
39%
Mozambique
28%
Pérou
28%
Pologne
27%
Fidji
25%
Maldives
25%
République Démocratique du Congo
24%
Barbade
15%
Aucun quiz correspondant
Distribution des résultats
% des personnes avec chaque résultat
Percentile par nombre de réponses
Votre historique - résultats
Vous n’avez pas pris ce quiz